Ensayos e investigaciones sobre el desarrollo industrial de México : el fomento a la competitividad industrial Mexicana /

Αποθηκεύτηκε σε:
Λεπτομέρειες βιβλιογραφικής εγγραφής
Κύριος συγγραφέας: Pérez Aceves, Luis Alberto (autor)
Άλλοι συγγραφείς: Echavarría Valenzuela, Ignacio (autor) (autor)
Μορφή: Βιβλίο
Γλώσσα:Ισπανικά
Σειρά:(Ensayos e Investigaciones sobre el Desarrollo Industrial de México)
Θέματα:
Ετικέτες: Προσθήκη ετικέτας
Δεν υπάρχουν, Καταχωρήστε ετικέτα πρώτοι!

MARC

LEADER 00000nam^a2200000^a^4500
001 000184525
005 20250521000000.0
009 20260310102119.482
020 |a 968-6651-22-5 
037 |a Acervo ITESO - Biblioteca 
041 |a ESP 
082 |a 330. 972  |b PER 
100 |a Pérez Aceves, Luis Alberto  |e (autor) 
245 1 0 |a Ensayos e investigaciones sobre el desarrollo industrial de México :  |b el fomento a la competitividad industrial Mexicana /  |c L.A. Pérez Aceves, I. Echavvaría Valenzuela. 
264 |a México :  |b Nacional Financiera,  |c 1988 
300 |a 135 p. 
336 |a texto  |b txt  |2 rdacontenido 
337 |a sin mediación  |b n  |2 rdamedio 
338 |a volumen  |b nc  |2 rdasoporte 
440 1 |a (Ensayos e Investigaciones sobre el Desarrollo Industrial de México) 
610 |a GATT 
649 |a XX 
650 |a Competitividad -  |z México 
650 |a Importaciones -  |z México 
650 |a Exportaciones -  |z México 
650 |a Desarrollo Tecnológico -  |z México 
650 |a Industrialización -  |z México 
650 |a Tratados Comerciales Internacionales 
650 |a Competencia (Economía) -  |z México 
650 |a Bienes de Capital -  |z México 
650 |a Apertura Comercial e Integración Económica 
650 |a Política Económica -  |z México 
650 |a Desarrollo Económico-Social -  |z México 
650 |a Riesgo Económico -  |z México 
650 |a Economía -  |z México 
650 |a México -  |x Condiciones Económicas 
700 |a Echavarría Valenzuela, Ignacio  |e (autor) 
910 |a Fondo General 
920 |a Impresos - Libros 
930 |a Colección General 
905 |a 101 
901 |a 0500125481  |b IT1  |c ACC  |u 20250521 
902 |a https://opac.biblio.iteso.mx/vufind/Record/000184525